000 00616nam a2200253Ia 4500
005 20260123172101.0
008 008 260114s9999 xx 000 0 eng d
020 _a9781848441224
037 _aEBOOK
040 _aCRL
040 _beng
040 _cCRL
041 _2eng
041 _aeng
084 _qCRL
100 _aBarrett, R. and Mayson, S., Ed.
_91107106
245 0 _aInternational Handbook of Entrepreneurship and HRM
260 _bEdward Elgar
260 _c2008
856 _uhttps://doi.org/10.4337/9781848441224
942 _cEBOOK
999 _c1672215
_d1672215